<?xml version="1.0" encoding="UTF-8"?>
<collection xmlns="http://www.loc.gov/MARC21/slim">
 <record>
  <leader>01166nam a22002297a 4500</leader>
  <controlfield tag="001">NCT_107966</controlfield>
  <controlfield tag="008">220304b        xxu||||| |||| 00| 0 vie d</controlfield>
  <datafield tag="999" ind1=" " ind2=" ">
   <subfield code="c">5473</subfield>
   <subfield code="d">5473</subfield>
  </datafield>
  <datafield tag="022" ind1=" " ind2=" ">
   <subfield code="a">2354-0818</subfield>
  </datafield>
  <datafield tag="041" ind1="0" ind2=" ">
   <subfield code="a">vie</subfield>
  </datafield>
  <datafield tag="082" ind1="0" ind2="4">
   <subfield code="2">23rd ed.</subfield>
   <subfield code="a">629</subfield>
   <subfield code="b">Gi108T</subfield>
  </datafield>
  <datafield tag="245" ind1="0" ind2="0">
   <subfield code="a">Giao thông vận tải </subfield>
   <subfield code="n">Số 1+2</subfield>
   <subfield code="c">Cơ quan thông tin lý luận khoa học công nghệ của bộ giao thông vận tải</subfield>
  </datafield>
  <datafield tag="260" ind1=" " ind2=" ">
   <subfield code="a">H.</subfield>
   <subfield code="b">Bộ giao thông vận tải</subfield>
   <subfield code="c">2020</subfield>
  </datafield>
  <datafield tag="300" ind1=" " ind2=" ">
   <subfield code="c">28cm</subfield>
  </datafield>
  <datafield tag="310" ind1=" " ind2=" ">
   <subfield code="a">tháng 1 kỳ</subfield>
  </datafield>
  <datafield tag="362" ind1=" " ind2=" ">
   <subfield code="a">1+2/2020</subfield>
  </datafield>
  <datafield tag="520" ind1="3" ind2=" ">
   <subfield code="a">Nội dung: Thiệp chúc Tết của Bộ trưởng Bộ GTVT Nguyễn Văn Thể. 60 năm Tạo chí Giao thông vận tải (01/1960 - 01/2020): Mang tri thức khoa học công nghệ vào cuộc sống. 90 năm Đảng soi sáng cho dân tộc ta đi tới thành công....</subfield>
  </datafield>
  <datafield tag="653" ind1=" " ind2=" ">
   <subfield code="a">Công nghệ kỹ thuật ô tô</subfield>
  </datafield>
  <datafield tag="655" ind1=" " ind2=" ">
   <subfield code="a">Tạp chí</subfield>
  </datafield>
  <datafield tag="942" ind1=" " ind2=" ">
   <subfield code="2">ddc</subfield>
   <subfield code="c">CR</subfield>
  </datafield>
  <datafield tag="952" ind1=" " ind2=" ">
   <subfield code="0">0</subfield>
   <subfield code="1">0</subfield>
   <subfield code="2">ddc</subfield>
   <subfield code="4">0</subfield>
   <subfield code="6">629_000000000000000_GI108T</subfield>
   <subfield code="7">0</subfield>
   <subfield code="9">22900</subfield>
   <subfield code="a">000001</subfield>
   <subfield code="b">000001</subfield>
   <subfield code="d">2022-04-06</subfield>
   <subfield code="o">629 Gi108T</subfield>
   <subfield code="r">2022-04-06</subfield>
   <subfield code="w">2022-04-06</subfield>
   <subfield code="y">CR</subfield>
  </datafield>
  <datafield tag="980" ind1=" " ind2=" ">
   <subfield code="a">Thư viện Trường Đại học Nam Cần Thơ</subfield>
  </datafield>
 </record>
</collection>
